[Event "OGOLNOPOLSKA OLIMPIADA MLODZIEZY<br/>MISTRZOSTWA POLSKI JUNIOROW 2016 - C14"]
[Site "Olecko"]
[Date "2016-05-07"]
[Round "4.2"]
[White "Mis, Mieszko"]
[Black "Szpar, Milosz"]
[Result "1-0"]
[WhiteTitle "I+"]
[BlackTitle "I"]
[WhiteElo "2069"]
[BlackElo "1956"]

1. d4 d5 2. Nf3 Nf6 3. g3 e6 4. Bg2 Be7 5. O-O O-O 6. Nbd2 Nbd7 7. b3 c5 8. e3
b6 9. Bb2 Ba6 10. c4 Rc8 11. Rc1 Qc7 12. Re1 Rfd8 13. Qc2 dxc4 14. bxc4 b5 15.
cxb5 Bxb5 16. Qb1 Qb6 17. Qa1 Qa6 18. e4 cxd4 19. Rxc8 Rxc8 20. Nxd4 Bb4 21. Rd1
Bd3 22. e5 Ng4 23. N2f3 Nb6 24. h3 Nh6 25. Nd2 Nf5 26. Nxf5 Bxf5 27. Ne4 Bxe4
28. Bxe4 Qe2 29. Qb1 g6 30. Bd3 Qh5 31. Kg2 Nd5 32. Rc1 Rd8 33. Rc4 Qg5 34. Re4
Nc3 35. Bc1 Qf5 36. Qxb4 Rxd3 37. Qb8+ Kg7 38. Rf4 Qh5 39. Ba3 Rxg3+ 40. fxg3
Qe2+ 41. Rf2 Qe4+ 42. Kh2 1-0

[Event "OGOLNOPOLSKA OLIMPIADA MLODZIEZY<br/>MISTRZOSTWA POLSKI JUNIOROW 2016 - C14"]
[Site "Olecko"]
[Date "2016-05-07"]
[Round "4.3"]
[White "Nowak, Mikolaj"]
[Black "Szczurek, Krzysztof"]
[Result "1-0"]
[WhiteTitle "I++"]
[BlackTitle "I"]
[WhiteElo "2024"]
[BlackElo "1991"]

1. d4 Nf6 2. c4 g6 3. Nf3 Bg7 4. g3 d6 5. Bg2 O-O 6. O-O Nbd7 7. Nc3 e5 8. e4 b6
9. Re1 Bb7 10. Qc2 Re8 11. d5 a5 12. h3 Nh5 13. Be3 Rf8 14. a3 Ba6 15. Na4 h6
16. b4 f5 17. Kh2 Bc8 18. c5 axb4 19. axb4 f4 20. Bd2 fxg3+ 21. fxg3 Ndf6 22.
Be3 bxc5 23. bxc5 Rb8 24. Nc3 Nd7 25. c6 Nb6 26. Reb1 g5 27. Nd2 Kh7 28. Na4 Qe7
29. Nxb6 cxb6 30. Bxb6 Rxb6 31. Rxb6 g4 32. h4 Bf6 33. Rab1 Qd8 34. c7 Qe7 35.
Nf1 Bxh4 36. gxh4 Qxh4+ 37. Kg1 g3 38. R1b2 Nf4 39. Rb8 Qe7 40. R2b3 h5 41. Rxg3
h4 42. Rf3 Qg7 43. Qf2 Nh3+ 44. Rxh3 Rxf2 45. Rxh4+ Kg6 46. Kxf2 Qxc7 47. Rb2
Qf7+ 48. Kg1 Qf6 49. Rh2 Bg4 50. Rf2 Qe7 51. Bh3 Bxh3 52. Rxh3 Qa7 53. Rg3+ Kh5
54. Kg2 Qd4 55. Nd2 Qb4 56. Kf1 Kh4 57. Rg8 Qb5+ 58. Ke1 Kh3 59. Rf7 1-0

[Event "OGOLNOPOLSKA OLIMPIADA MLODZIEZY<br/>MISTRZOSTWA POLSKI JUNIOROW 2016 - C14"]
[Site "Olecko"]
[Date "2016-05-07"]
[Round "4.4"]
[White "Pultorak, Jan"]
[Black "Majocha, Piotr"]
[Result "1-0"]
[WhiteTitle "FM"]
[BlackTitle "I"]
[WhiteElo "2301"]
[BlackElo "1703"]

1. d4 Nf6 2. c4 g6 3. Nc3 d5 4. Nf3 Bg7 5. Qb3 dxc4 6. Qxc4 O-O 7. e4 c6 8. Be2
Bg4 9. Be3 e6 10. O-O Nbd7 11. Rad1 Nb6 12. Qb3 Bxf3 13. Bxf3 Qc7 14. Rc1 Qe7
15. a4 Rad8 16. Rfe1 Qd7 17. Red1 Qe7 18. a5 Nc8 19. d5 cxd5 20. exd5 exd5 21.
Nxd5 Nxd5 22. Bc5 Qf6 23. Bxf8 Rxf8 24. Qxd5 b6 25. Be4 bxa5 26. b3 Qb6 27. Qd7
Qb8 28. Qa4 Nd6 29. Bd5 Be5 30. g3 Nb5 31. Qxa5 Bc7 32. Qa6 Bb6 33. Rc6 Nc7 34.
Qc4 Nxd5 35. Rxd5 Qe8 36. Rd1 Qe7 37. h4 Re8 38. Rc8 Rxc8 39. Qxc8+ Kg7 40. Qc3+
Kg8 41. Re1 Qd7 42. h5 Bd4 43. Qd2 Qg4 44. Re8+ Kg7 45. h6+ Kf6 46. Kg2 Be5 47.
Qd8+ Kf5 48. Qd7+ Kg5 49. Rxe5+ f5 50. Qe7+ Kh5 51. Qh4+ Qxh4 52. gxh4 1-0

[Event "OGOLNOPOLSKA OLIMPIADA MLODZIEZY<br/>MISTRZOSTWA POLSKI JUNIOROW 2016 - C14"]
[Site "Olecko"]
[Date "2016-05-07"]
[Round "4.5"]
[White "Pytel, Maciej"]
[Black "Psyk, Radoslaw"]
[Result "1-0"]
[WhiteTitle "I"]
[BlackTitle "k"]
[WhiteElo "1904"]
[BlackElo "2219"]

1. e4 c5 2. Nf3 e6 3. d4 cxd4 4. Nxd4 Nc6 5. Nc3 Qc7 6. Be3 a6 7. Bd3 Nf6 8. O-O
Bd6 9. Nxc6 bxc6 10. f4 e5 11. f5 Be7 12. Bc4 Bb7 13. Qf3 d5 14. exd5 cxd5 15.
Nxd5 Qxc4 16. Nxf6+ Bxf6 17. Qxb7 O-O 18. Qb3 Qh4 19. c3 Rab8 20. Qc2 Rfc8 21.
Rac1 a5 22. Qf2 Qg4 23. b3 a4 24. b4 Rc4 25. Qc2 a3 26. h3 Qh4 27. Bf2 Qh6 28.
Qd3 Rbc8 29. Bc5 Rh4 30. Rcd1 Kh8 31. b5 e4 32. Qg3 Bg5 33. b6 Qc6 34. Qxg5 Qxc5+
35. Kh1 Qxb6 36. Qxh4 e3 37. Rfe1 Re8 38. Qd4 Qh6 39. Rxe3 1-0

[Event "OGOLNOPOLSKA OLIMPIADA MLODZIEZY<br/>MISTRZOSTWA POLSKI JUNIOROW 2016 - C14"]
[Site "Olecko"]
[Date "2016-05-07"]
[Round "4.6"]
[White "Mietkiewicz, Jacek"]
[Black "Kosakowski, Jakub"]
[Result "0-1"]
[WhiteTitle "I"]
[BlackTitle "k"]
[WhiteElo "1750"]
[BlackElo "2202"]

1. d4 Nf6 2. c4 g6 3. Nc3 d5 4. cxd5 Nxd5 5. e4 Nxc3 6. bxc3 Bg7 7. Bc4 c5 8. Ne2
Nc6 9. Be3 O-O 10. O-O Qc7 11. Rc1 Rd8 12. Qd2 b6 13. Bf4 Qd7 14. d5 Na5 15. Bd3
e6 16. c4 Ba6 17. Bh6 Bxh6 18. Qxh6 exd5 19. exd5 Re8 20. Nf4 Re5 21. Rc3 Rae8
22. h4 Qe7 23. Bxg6 fxg6 24. Nxg6 hxg6 25. Rg3 Qh7 26. Qf4 Qg7 27. d6 Bc8 28.
d7 Bxd7 29. Kh2 Nc6 0-1

[Event "OGOLNOPOLSKA OLIMPIADA MLODZIEZY<br/>MISTRZOSTWA POLSKI JUNIOROW 2016 - C14"]
[Site "Olecko"]
[Date "2016-05-07"]
[Round "4.7"]
[White "Namyslak, Piotr"]
[Black "Lis, Mateusz"]
[Result "1/2-1/2"]
[WhiteTitle "I"]
[BlackTitle "I"]
[WhiteElo "1775"]
[BlackElo "1998"]

1. c4 e5 2. Nc3 Nc6 3. g3 g6 4. Bg2 Bg7 5. e3 d6 6. Nge2 f5 7. d4 e4 8. b4 Nf6
9. a3 O-O 10. Qb3 Ne7 11. h4 Be6 12. Bb2 h6 13. f3 exf3 14. Bxf3 Rb8 15. O-O-O
c6 16. d5 cxd5 17. Nxd5 Nexd5 18. Bxd5 Bxd5 19. Bxf6 Qxf6 20. cxd5 Qe5 21. Kd2
Rbc8 22. Rc1 g5 23. Rhg1 Qe4 24. Qd3 Qe5 25. Qb3 Qe4 26. Qd3 Qe5 27. Qb3 Qe4 28.
Qd3 Qe5 1/2-1/2

[Event "OGOLNOPOLSKA OLIMPIADA MLODZIEZY<br/>MISTRZOSTWA POLSKI JUNIOROW 2016 - C14"]
[Site "Olecko"]
[Date "2016-05-07"]
[Round "4.8"]
[White "Kokoszczynski, Jan"]
[Black "Golecki, Jan"]
[Result "1-0"]
[WhiteTitle "k"]
[BlackTitle "I+"]
[WhiteElo "1983"]
[BlackElo "1880"]

1. e4 c5 2. Nf3 g6 3. d4 cxd4 4. Qxd4 Nf6 5. e5 Nc6 6. Qa4 Nd5 7. Qb3 Nc7 8. Bc4
Ne6 9. Bxe6 fxe6 10. Bf4 Bg7 11. O-O O-O 12. Bg3 b6 13. Nbd2 Bb7 14. Rfe1 Rc8
15. c3 a6 16. a4 Na5 17. Qb4 Bd5 18. Nd4 Nc6 19. Nxc6 Bxc6 20. Bh4 Rf7 21. Nc4
Qc7 22. Bg3 Ba8 23. Nxb6 Bb7 24. Nxc8 Qxc8 25. Qb6 h5 26. Rad1 g5 27. h4 gxh4
28. Bxh4 Rf4 29. Bxe7 Rg4 30. g3 Kf7 31. Bh4 Bd5 32. Rd4 Rxd4 33. Qxd4 Ba8 34.
Rd1 Ke8 35. Qf4 Qc6 36. f3 Bf8 37. Qf6 Bc5+ 38. Kh2 a5 39. Qd8+ Kf7 40. Rxd7+
Qxd7 41. Qxd7+ Kg6 42. Qxe6+ Kh7 43. Qd7+ Kg8 44. Qc8+ Kf7 45. e6+ Kg6 46. Qxc5
Bd5 47. Qxd5 Kh6 48. Bf6 h4 49. Qg5+ Kh7 50. Qg7# 1-0

[Event "OGOLNOPOLSKA OLIMPIADA MLODZIEZY<br/>MISTRZOSTWA POLSKI JUNIOROW 2016 - C14"]
[Site "Olecko"]
[Date "2016-05-07"]
[Round "4.9"]
[White "Pacan-milej, Kosma"]
[Black "Radecki, Adam"]
[Result "1-0"]
[WhiteTitle "I"]
[BlackTitle "I"]
[WhiteElo "1967"]
[BlackElo "1667"]

1. d4 Nf6 2. c4 g6 3. f3 d5 4. cxd5 Nxd5 5. e4 Nb6 6. Nc3 Bg7 7. Be3 O-O 8. Qd2
Nc6 9. O-O-O f5 10. e5 Nd5 11. Bc4 Be6 12. Nh3 Kh8 13. Bxd5 Bxd5 14. Nxd5 Qxd5
15. Kb1 e6 16. Nf4 Qd7 17. h4 Rae8 18. Qf2 Nb4 19. h5 gxh5 20. Rxh5 Rf7 21. Rdh1
Bf8 22. Qg3 Rg7 23. Rxh7+ Kg8 24. Rh8+ Kf7 25. Qh4 Qd8 26. Qh5+ Ke7 27. Qh6 Kf7
28. Rxf8+ Kxf8 29. Nxe6+ Rxe6 30. Qxe6 c5 31. Rh8+ 1-0

[Event "OGOLNOPOLSKA OLIMPIADA MLODZIEZY<br/>MISTRZOSTWA POLSKI JUNIOROW 2016 - C14"]
[Site "Olecko"]
[Date "2016-05-07"]
[Round "4.10"]
[White "Ossolinski, Ziemowit"]
[Black "Sanz Wawer, Daniel"]
[Result "0-1"]
[WhiteTitle "I"]
[BlackTitle "k"]
[WhiteElo "1849"]
[BlackElo "1988"]

1. e4 c5 2. Nf3 d6 3. d4 cxd4 4. Nxd4 Nf6 5. f3 g6 6. Be3 Bg7 7. Nc3 O-O 8. Qd2
Nc6 9. g4 Nxd4 10. Bxd4 Be6 11. Nd5 Bxd5 12. exd5 Nd7 13. Bxg7 Kxg7 14. f4 Qb6
15. O-O-O Rac8 16. h4 Nf6 17. Qe2 Qb4 18. Bh3 Qxf4+ 19. Kb1 Rc7 20. h5 Qg5 21.
Rhg1 Rfc8 22. c3 Nxd5 23. Rxd5 Qxd5 24. g5 Rf8 25. Qe3 Qe5 26. h6+ Kg8 27. Qxa7
Qe4+ 28. Ka1 Rc5 29. Bg2 Qe3 30. Rf1 Qxg5 31. Qxb7 Re5 32. Rh1 d5 33. Bf3 Qe3
34. a4 Qxf3 35. Rb1 Qf4 36. Qc6 d4 37. Qc4 Re4 38. Rf1 Qe5 39. cxd4 Qxd4 40. Qc7
Qxa4+ 41. Kb1 Qc4 42. Rc1 Qxc7 43. Rxc7 f5 44. b4 Rxb4+ 45. Kc2 Re4 46. Rc3 f4
47. Rf3 Re3 48. Rf1 f3 49. Kd2 Re2+ 50. Kd3 Re6 51. Rf2 g5 52. Rf1 f2 53. Kd2
Re1 54. Rxe1 fxe1=Q+ 55. Kxe1 g4 56. Ke2 g3 57. Ke3 g2 58. Kd3 g1=Q 59. Kc3 Qd1
60. Kb4 Rc8 61. Kb5 Qb3+ 62. Ka5 Ra8# 0-1

[Event "OGOLNOPOLSKA OLIMPIADA MLODZIEZY<br/>MISTRZOSTWA POLSKI JUNIOROW 2016 - C14"]
[Site "Olecko"]
[Date "2016-05-07"]
[Round "4.11"]
[White "Fus, Jakub"]
[Black "Godzwon, Iwo"]
[Result "1-0"]
[WhiteTitle "I+"]
[BlackTitle "I"]
[WhiteElo "1936"]
[BlackElo "1836"]

1. d4 Nf6 2. c4 g6 3. Nc3 d5 4. Nf3 Bg7 5. Qb3 c6 6. cxd5 cxd5 7. Bg5 Nc6 8. e3
O-O 9. Bxf6 Bxf6 10. Nxd5 Qa5+ 11. Nc3 Be6 12. Bc4 Bxc4 13. Qxc4 Rac8 14. Qb3
e5 15. d5 e4 16. Nd2 Bxc3 17. bxc3 Ne5 18. Rc1 Nd3+ 19. Ke2 Nxc1+ 20. Rxc1 Rfe8
21. c4 b6 22. Qc2 Qa3 23. g3 Qe7 24. Nb3 Red8 25. Qd2 Qd7 26. Nd4 a6 27. Qb4 Qg4+
28. Ke1 Rxd5 29. Qxb6 Rdc5 30. Qxa6 Qd7 31. Nb3 R5c7 32. c5 Ra7 33. Qe2 Qa4 34.
Rc2 Rd8 35. Kf1 Rb8 36. Kg2 Rc7 37. Nd4 h5 38. h4 Rb1 39. c6 Qb4 40. Qd2 Qb6 41.
Rc1 Rb2 42. Rc2 Rb1 43. Kh2 Qa6 44. Rb2 Ra1 45. Nb3 Qf1 46. Nxa1 Qxa1 47. Qd8+
Kh7 48. Qxc7 1-0

[Event "OGOLNOPOLSKA OLIMPIADA MLODZIEZY<br/>MISTRZOSTWA POLSKI JUNIOROW 2016 - C14"]
[Site "Olecko"]
[Date "2016-05-07"]
[Round "4.12"]
[White "Mike, Patryk"]
[Black "Kozak, Antoni"]
[Result "0-1"]
[WhiteTitle "I"]
[BlackTitle "I"]
[WhiteElo "1804"]
[BlackElo "1932"]

1. e4 c6 2. d4 d5 3. e5 Bf5 4. Nd2 e6 5. Nb3 Nd7 6. Nf3 h6 7. Be2 Ne7 8. O-O g5
9. Bd2 a5 10. a4 Bg7 11. Rc1 O-O 12. Qe1 b6 13. Be3 f6 14. exf6 Bxf6 15. c4 e5
16. Qd2 e4 17. Ne1 Ng6 18. cxd5 cxd5 19. f3 Be7 20. Nc2 Bd6 21. fxe4 Bxe4 22.
Bd3 Nf6 23. Ne1 Ng4 24. Rxf8+ Qxf8 25. h3 Nxe3 26. Qxe3 Bf4 27. Qe2 Bxc1 28. Bxe4
dxe4 29. Qxe4 Qe8 30. Qd5+ Kh8 0-1

[Event "OGOLNOPOLSKA OLIMPIADA MLODZIEZY<br/>MISTRZOSTWA POLSKI JUNIOROW 2016 - C14"]
[Site "Olecko"]
[Date "2016-05-07"]
[Round "4.13"]
[White "Wierzbicki, Michal"]
[Black "Pniaczek, Marek"]
[Result "1/2-1/2"]
[WhiteTitle "I"]
[BlackTitle "I+"]
[WhiteElo "1708"]
[BlackElo "1855"]

1. d4 d5 2. Nf3 Nf6 3. c4 c6 4. e3 Bf5 5. Nc3 e6 6. Nh4 Bg6 7. Nxg6 hxg6 8. Bd2
Nbd7 9. Qb3 Qb6 10. Rc1 Be7 11. Be2 O-O 12. O-O Rac8 13. Qxb6 Nxb6 14. c5 Nbd7
15. f4 b6 16. b4 a5 17. a3 axb4 18. axb4 b5 19. Ra1 Ra8 20. Bd3 Rfb8 21. Rfb1
Bd8 22. Rc1 Bc7 23. g3 Bd8 24. Rcb1 Rc8 25. Rc1 Kf8 26. Kg2 Ng8 27. Nd1 f5 28.
h4 Ngf6 29. Nc3 Kf7 30. Rh1 Be7 31. Bc2 Ng4 32. Bd3 Ngf6 33. Bc2 Ne4 34. Nxe4
dxe4 35. Bb3 Nf6 36. Rhd1 Bd8 37. Rdb1 Ke7 38. Kf2 Kd7 39. Ke2 Bc7 40. Bc3 Nd5
41. Bd2 Ke7 42. Rc1 Rh8 43. Kf2 Kd7 44. Kg2 Nf6 45. Rcb1 Rhb8 46. Kf2 Bd8 47.
Bc3 Ng4+ 48. Ke2 Bc7 49. Rxa8 Rxa8 50. Ra1 Rh8 51. Ra7 Rc8 1/2-1/2

[Event "OGOLNOPOLSKA OLIMPIADA MLODZIEZY<br/>MISTRZOSTWA POLSKI JUNIOROW 2016 - C14"]
[Site "Olecko"]
[Date "2016-05-07"]
[Round "4.14"]
[White "Kopec, Norbert"]
[Black "Golenia, Jan"]
[Result "0-1"]
[WhiteTitle "II"]
[BlackTitle "I"]
[WhiteElo "1558"]
[BlackElo "1973"]

1. e4 e5 2. Nf3 Nc6 3. Bc4 Bc5 4. c3 Nf6 5. d3 d6 6. h3 h6 7. Bb3 O-O 8. Nbd2 a6
9. Nf1 d5 10. exd5 Nxd5 11. Ng3 Be6 12. O-O Qf6 13. Ne4 Qe7 14. Re1 Ba7 15. Ng3
f6 16. d4 Rad8 17. Qe2 Nb6 18. Nf5 Qd7 19. Bxe6+ Qxe6 20. N3h4 Ne7 21. Qg4 Nxf5
22. Nxf5 Qd7 23. Qg6 Kh8 24. Re4 Qf7 25. Qg3 g5 26. dxe5 Qg6 27. Qf3 fxe5 28.
Rxe5 Nc4 29. Ne7 Qg7 30. Qh5 Bxf2+ 31. Kh1 Nxe5 32. b3 Kh7 33. Ba3 c5 34. h4 Qxe7
35. Qe2 Ng6 36. Qc2 Bxh4 37. g3 Bxg3 38. Qg2 Qc7 39. Bxc5 Qxc5 40. Qxb7+ Bc7 41.
Qxa6 Qe5 42. Qxg6+ Kxg6 0-1

[Event "OGOLNOPOLSKA OLIMPIADA MLODZIEZY<br/>MISTRZOSTWA POLSKI JUNIOROW 2016 - C14"]
[Site "Olecko"]
[Date "2016-05-07"]
[Round "4.15"]
[White "Paliwoda, Borys"]
[Black "Kopaczewski, Adam"]
[Result "1/2-1/2"]
[WhiteTitle "II"]
[BlackTitle "I"]
[WhiteElo "1694"]
[BlackElo "1854"]

1. e4 e5 2. Nf3 Nc6 3. Bb5 a6 4. Bxc6 dxc6 5. O-O Bg4 6. h3 h5 7. c3 Qf6 8. d4
Bxf3 9. Qxf3 Qxf3 10. gxf3 f6 11. Be3 O-O-O 12. Nd2 Nh6 13. Nc4 Nf7 14. Kh1 Bd6
15. Rg1 g5 16. dxe5 Nxe5 17. Nxe5 Bxe5 18. Rad1 h4 19. Kg2 b6 20. Bd4 Rhe8 21.
Bxe5 Rxe5 22. Rxd8+ Kxd8 23. Rd1+ Ke7 24. Kf1 Re6 25. Ke2 Rd6 26. Rd4 c5 27. Rxd6
Kxd6 28. c4 Ke5 29. Ke3 c6 30. a3 b5 31. b3 a5 32. a4 b4 33. Kd3 Ke6 34. Ke3 Ke5
35. Kd3 Ke6 36. Ke3 Ke5 37. Kd3 Ke6 38. Ke3 Ke5 39. Kd3 Ke6 40. Ke3 Ke5 41. Kd3
1/2-1/2

[Event "OGOLNOPOLSKA OLIMPIADA MLODZIEZY<br/>MISTRZOSTWA POLSKI JUNIOROW 2016 - C14"]
[Site "Olecko"]
[Date "2016-05-07"]
[Round "4.16"]
[White "Polczyk, Mikolaj"]
[Black "Kucharski, Bartlomiej"]
[Result "1-0"]
[WhiteTitle "I"]
[BlackTitle "II"]
[WhiteElo "1831"]
[BlackElo "1667"]

1. e4 d5 2. exd5 Qxd5 3. Nc3 Qa5 4. d4 Nf6 5. Bd3 Bf5 6. Nge2 c6 7. b4 Qxb4 8.
Bxf5 e6 9. Bd3 Qb6 10. Rb1 Qc7 11. Bf4 Qd7 12. O-O Be7 13. h3 O-O 14. Qd2 Nd5
15. Bh2 Bf6 16. Ne4 Be7 17. c3 b6 18. Rfd1 Qc8 19. Bc2 Rd8 20. Qd3 g6 21. Qf3
Nd7 22. Nd6 Bxd6 23. Bxd6 N7f6 24. Be5 Nd7 25. Bg3 b5 26. h4 h5 27. Nf4 Nxf4 28.
Bxf4 Kg7 29. Be4 Nb8 30. Be5+ Kg8 31. Qf6 Kf8 32. Bxg6 Qd7 33. Bxf7 1-0

[Event "OGOLNOPOLSKA OLIMPIADA MLODZIEZY<br/>MISTRZOSTWA POLSKI JUNIOROW 2016 - C14"]
[Site "Olecko"]
[Date "2016-05-07"]
[Round "4.17"]
[White "Brzozowski, Pawel"]
[Black "Strzelecki, Maciej"]
[Result "0-1"]
[WhiteTitle "II"]
[BlackTitle "I"]
[WhiteElo "1567"]
[BlackElo "1813"]

1. e4 c5 2. Nf3 d6 3. d4 cxd4 4. Qxd4 a6 5. c4 Nc6 6. Qd2 g6 7. b3 Bg7 8. Nc3 Bg4
9. Be2 Bxf3 10. Bxf3 Nd4 11. Bb2 Nxf3+ 12. gxf3 Nf6 13. O-O-O O-O 14. Qe3 Qa5
15. a3 b5 16. b4 Qc7 17. cxb5 axb5 18. Kd2 Qb7 19. Ke2 Nd7 20. Rc1 Nb6 21. Rc2
Nc4 22. Qc1 f5 23. a4 fxe4 24. axb5 exf3+ 25. Kf1 Nxb2 26. Qxb2 Qxb5+ 27. Ke1
Qe5+ 28. Kd1 Rfc8 29. Kd2 Qd4+ 30. Ke1 Rxc3 0-1

[Event "OGOLNOPOLSKA OLIMPIADA MLODZIEZY<br/>MISTRZOSTWA POLSKI JUNIOROW 2016 - C14"]
[Site "Olecko"]
[Date "2016-05-07"]
[Round "4.18"]
[White "Skowron, Mateusz"]
[Black "Musial, Tomasz"]
[Result "0-1"]
[WhiteTitle "I"]
[BlackTitle "II+"]
[WhiteElo "1508"]
[BlackElo "1799"]

1. e4 e6 2. d4 d5 3. Nd2 c5 4. c3 Nc6 5. Ngf3 Qb6 6. exd5 exd5 7. Nb3 c4 8. Nbd2
Nf6 9. Be2 Bf5 10. O-O Bd6 11. Re1 O-O 12. Nf1 h6 13. Ne3 Bh7 14. Nh4 Qc7 15.
g3 Ne7 16. f4 Ne4 17. Nf3 b5 18. Ne5 b4 19. Bd2 bxc3 20. Bxc3 f6 21. Nf3 Rab8
22. Qc1 Bb4 23. Nd2 Bxc3 24. bxc3 Nxd2 25. Qxd2 Be4 26. Bf1 f5 27. Bg2 Rb5 28.
Bxe4 fxe4 29. Reb1 Rfb8 30. Qc2 Qb7 31. Rxb5 Qxb5 32. Rc1 Qb2 33. g4 g6 34. h3
Kf7 35. Kf2 Ke6 36. Kg3 a5 37. Kf2 h5 38. Kg3 Kf6 39. Qd1 h4+ 40. Kxh4 Qf2# 0-1

[Event "OGOLNOPOLSKA OLIMPIADA MLODZIEZY<br/>MISTRZOSTWA POLSKI JUNIOROW 2016 - C14"]
[Site "Olecko"]
[Date "2016-05-07"]
[Round "4.19"]
[White "Maciak, Jakub"]
[Black "Poziomkowski, Szymon"]
[Result "0-1"]
[WhiteTitle "II"]
[BlackTitle "I"]
[WhiteElo "1465"]
[BlackElo "1726"]

1. e4 c5 2. Nf3 e6 3. d4 cxd4 4. Nxd4 a6 5. Bd3 Nf6 6. O-O Qc7 7. Nc3 b5 8. a3
Bb7 9. Bd2 Be7 10. Kh1 d6 11. f4 Nbd7 12. Qf3 Nc5 13. Rae1 O-O 14. Qh3 Nxd3 15.
cxd3 Nd7 16. Re3 Bf6 17. Nde2 Rae8 18. Ng3 g6 19. Qg4 Bg7 20. h4 f5 21. Qe2 Qd8
22. h5 Bd4 23. hxg6 Qh4+ 24. Kg1 Qxg3 25. gxh7+ Kxh7 26. Qh5+ Kg7 27. Rff3 Qg6
28. Qh4 Rh8 29. Qf2 Kf7 30. Ne2 Bxe3 31. Bxe3 fxe4 32. f5 Qg4 33. fxe6+ Kxe6 34.
Rf7 Rh1+ 35. Kxh1 Qh5+ 36. Kg1 Qxf7 37. Qh4 Ne5 38. Qh3+ Kd5 39. dxe4+ Kc6 40.
Nd4+ Kc7 41. b3 Bxe4 42. Bd2 Nd3 43. Ba5+ Kb7 44. Qh4 Qf4 45. Qh3 Qf2+ 46. Kh1
Rh8 47. Qxh8 Qxg2# 0-1

[Event "OGOLNOPOLSKA OLIMPIADA MLODZIEZY<br/>MISTRZOSTWA POLSKI JUNIOROW 2016 - C14"]
[Site "Olecko"]
[Date "2016-05-07"]
[Round "4.20"]
[White "Dixa, Oskar"]
[Black "Kawaler, Adam"]
[Result "1-0"]
[WhiteTitle "I"]
[BlackTitle "I"]
[WhiteElo "1630"]
[BlackElo "1764"]

1. d4 e6 2. e4 d5 3. Nc3 dxe4 4. Nxe4 Nd7 5. Nf3 Ngf6 6. Ng3 c5 7. Be2 cxd4 8.
Nxd4 Bc5 9. O-O O-O 10. Nb3 Bb6 11. c4 Qe7 12. Be3 Bxe3 13. fxe3 a5 14. Qc2 Nc5
15. Nd4 Rd8 16. Rf2 Ne8 17. Raf1 Nd6 18. Nb3 Qg5 19. Nxc5 Qxc5 20. Ne4 Qxe3 21.
Rd1 e5 22. Nxd6 g6 23. Rd3 Qc5 24. Ne4 Qe7 25. Rxd8+ Qxd8 26. Qd3 Qe7 27. Qd6
Qxd6 28. Nxd6 Be6 29. Nxb7 Rb8 30. Nc5 Rxb2 31. Nxe6 fxe6 32. Bg4 Rb6 33. Re2
Kf7 34. Rxe5 Kf6 35. Rxa5 h5 36. Bf3 e5 37. c5 Rb1+ 38. Kf2 Kf5 39. c6 Rb2+ 40.
Ke3 Rc2 41. Be4+ 1-0

[Event "OGOLNOPOLSKA OLIMPIADA MLODZIEZY<br/>MISTRZOSTWA POLSKI JUNIOROW 2016 - C14"]
[Site "Olecko"]
[Date "2016-05-07"]
[Round "4.21"]
[White "Rogala, Milosz"]
[Black "Kukorowski, Jan"]
[Result "0-1"]
[WhiteTitle "II"]
[BlackTitle "I"]
[WhiteElo "1561"]
[BlackElo "1706"]

1. e4 e6 2. d4 d5 3. e5 c5 4. c3 Nc6 5. Nf3 Qb6 6. Be2 cxd4 7. cxd4 Nh6 8. b3 Nf5
9. Be3 Bb4+ 10. Kf1 Nxe3+ 11. fxe3 Bd7 12. Kf2 O-O 13. Rf1 f6 14. exf6 Rxf6 15.
Kg1 Raf8 16. a3 Bd6 17. Nc3 Ne7 18. b4 Rh6 19. Qd3 Qc7 20. h3 Nf5 21. Rac1 Qd8
22. Nd1 a6 23. Qd2 Ng3 24. Re1 Ne4 25. Qc2 Qe8 26. Bd3 Ba4 27. Qb2 Qg6 28. Bxe4
dxe4 29. Ne5 Bxe5 30. dxe5 Rxh3 31. Nf2 Rg3 32. Nh1 Rg5 33. Rf1 Rgf5 34. Rxf5
Qxf5 35. Qc3 Bc6 36. Qd4 h5 37. Qd6 h4 38. Kh2 Qg4 39. Rg1 Bd5 40. Qe7 Qh5 41.
Qd6 Rf5 42. Rc1 Rf8 43. Rc7 h3 44. Ng3 Qg4 45. Rc2 hxg2 46. Rxg2 Qh4+ 47. Kg1
Rc8 48. Qd7 Rc1+ 49. Nf1 Qh6 50. Rg3 Bc4 51. Qe8+ Kh7 52. Qe7 Rxf1+ 53. Kg2 Qh1#
0-1

[Event "OGOLNOPOLSKA OLIMPIADA MLODZIEZY<br/>MISTRZOSTWA POLSKI JUNIOROW 2016 - C14"]
[Site "Olecko"]
[Date "2016-05-07"]
[Round "4.22"]
[White "Musiala, Jakub"]
[Black "Galuszka, Tomasz"]
[Result "1/2-1/2"]
[WhiteTitle "II+"]
[BlackTitle "II+"]
[WhiteElo "1629"]
[BlackElo "1586"]

1. e4 c6 2. d4 d5 3. exd5 cxd5 4. Bd3 Nc6 5. c3 Nf6 6. h3 e5 7. dxe5 Nxe5 8. Nf3
Nxd3+ 9. Qxd3 Bd6 10. O-O O-O 11. Be3 a6 12. Nbd2 Ne4 13. Kh1 Nxd2 14. Qxd2 Be6
15. Rad1 Qf6 16. Bg5 Qg6 17. Bf4 Bxf4 18. Qxf4 Qe4 19. Qg3 Qe2 20. Rb1 Qc4 21.
a3 Bf5 22. Rbd1 Rfe8 23. Nd4 Bg6 24. Rfe1 Qa2 25. Rxe8+ Rxe8 26. Rd2 h6 27. f4
Qb1+ 28. Kh2 Re1 29. Qf2 Be4 30. Re2 Rf1 31. Qe3 h5 32. Kg3 Rd1 33. Rd2 Re1 34.
Re2 Rd1 35. Rd2 Rxd2 36. Qxd2 Qd3+ 37. Qxd3 Bxd3 38. b4 Kf8 39. h4 Ke7 40. Kf2
Kd6 41. g3 g6 1/2-1/2

[Event "OGOLNOPOLSKA OLIMPIADA MLODZIEZY<br/>MISTRZOSTWA POLSKI JUNIOROW 2016 - C14"]
[Site "Olecko"]
[Date "2016-05-07"]
[Round "4.23"]
[White "Maciejewski, Kamil"]
[Black "Bojczewski, Mateusz"]
[Result "1-0"]
[WhiteTitle "I"]
[BlackTitle "II"]
[WhiteElo "1656"]
[BlackElo "1319"]

1. e4 e5 2. Nf3 Nc6 3. Bc4 Nf6 4. Ng5 d5 5. exd5 Na5 6. Bb5+ Bd7 7. Qe2 Bd6 8.
Bxd7+ Nxd7 9. Ne4 b6 10. Nxd6+ cxd6 11. Nc3 Nf6 12. O-O O-O 13. d3 h6 14. Qf3
Rc8 15. Bd2 Re8 16. Nd1 Nb7 17. Re1 Nc5 18. Nc3 a6 19. Re2 b5 20. a3 Rc7 21. Be3
Qe7 22. Bxc5 Rxc5 23. Ne4 Nxe4 24. dxe4 Rec8 25. c3 a5 26. Ree1 Qg5 27. Qe3 Qxe3
28. Rxe3 f5 29. f3 g5 30. Rd1 f4 31. Ree1 Rc4 32. Kf2 Rb8 33. Rc1 a4 34. h4 Kg7
35. Rh1 g4 36. Rhe1 g3+ 37. Ke2 h5 38. Kd3 Rbc8 39. Rb1 b4 40. axb4 a3 41. Rec1
axb2 42. Rc2 R4c7 43. Rbxb2 Ra8 44. Ra2 Rca7 45. Rxa7+ Rxa7 46. Rc1 Ra2 47. Rg1
Kf7 48. Kc4 Ke7 49. Kb3 Re2 50. c4 Re3+ 51. Ka4 Kd7 52. c5 dxc5 53. bxc5 Rc3 54.
Kb4 Rc2 55. c6+ Kc7 56. Kb3 Rd2 57. Kc3 Ra2 58. Rb1 Rxg2 59. Rb7+ Kc8 60. d6 Rg1
61. d7+ Kd8 62. Rb8+ 1-0

[Event "OGOLNOPOLSKA OLIMPIADA MLODZIEZY<br/>MISTRZOSTWA POLSKI JUNIOROW 2016 - C14"]
[Site "Olecko"]
[Date "2016-05-07"]
[Round "5.1"]
[White "Nowak, Mikolaj"]
[Black "Teclaf, Pawel"]
[Result "1/2-1/2"]
[WhiteTitle "I++"]
[BlackTitle "CM"]
[WhiteElo "2024"]
[BlackElo "2214"]

1. d4 Nf6 2. c4 g6 3. Nc3 d5 4. cxd5 Nxd5 5. Bd2 Nb6 6. Nf3 Bg7 7. Qc2 Nc6 8. Rd1
Bg4 9. e3 e5 10. dxe5 Nxe5 11. Be2 Nxf3+ 12. gxf3 Bd7 13. Nb5 O-O 14. Bc3 Bxc3+
15. Qxc3 Qg5 16. h4 Qg2 17. Rf1 Bxb5 18. Bxb5 Qxf3 19. Be2 Qe4 20. Rd4 Qe5 21.
h5 c5 22. Rg4 Qxc3+ 23. bxc3 Nd5 24. Kd2 Rfd8 25. Kc2 Rd6 26. Rd1 Rad8 27. Bf3
b6 28. hxg6 hxg6 29. Ra4 a5 30. Rh4 Nc7 31. Rxd6 Rxd6 32. Be2 Rf6 33. f4 Re6 34.
Rh3 b5 35. Rg3 Kf8 36. Rg5 c4 37. a4 bxa4 38. Rxa5 Rxe3 39. Kd2 Re4 40. f5 Ne8
41. fxg6 fxg6 42. Ra6 g5 43. Rg6 Re5 44. Bxc4 Ra5 45. Kc2 a3 46. Ra6 Rxa6 47.
Bxa6 Nd6 48. Kb3 Ne4 49. Kxa3 g4 50. Bb7 Nxc3 51. Kb3 Nb5 52. Kc2 Kg7 53. Kd3
Kg6 54. Ke3 Kg5 55. Kf2 Nd6 56. Bf3 gxf3 57. Kxf3 Ne4 58. Kxe4 1/2-1/2

[Event "OGOLNOPOLSKA OLIMPIADA MLODZIEZY<br/>MISTRZOSTWA POLSKI JUNIOROW 2016 - C14"]
[Site "Olecko"]
[Date "2016-05-07"]
[Round "5.2"]
[White "Ochowicz, Jakub"]
[Black "Mis, Mieszko"]
[Result "1/2-1/2"]
[WhiteTitle "I+"]
[BlackTitle "I+"]
[WhiteElo "2040"]
[BlackElo "2069"]

1. e4 d5 2. exd5 Qxd5 3. Nc3 Qa5 4. Bc4 Nf6 5. d3 Bf5 6. Bd2 c6 7. Qe2 Qc7 8. f3
h5 9. Qf2 e6 10. Nge2 Nbd7 11. Bf4 Bd6 12. Bxd6 Qxd6 13. Bb3 Nb6 14. O-O Nbd5
15. Bxd5 Nxd5 16. Nxd5 cxd5 17. Nd4 O-O 18. Nxf5 exf5 19. Qd4 Qc6 20. c3 a5 21.
Rfe1 g6 22. Re5 Rfd8 23. Rae1 b5 24. Re7 b4 25. cxb4 axb4 26. Qxb4 Rxa2 27. Rxf7
Ra1 28. Rg7+ Kxg7 29. Rxa1 Rd7 30. Qc3+ Qxc3 31. bxc3 Kf6 32. Ra6+ Kg5 33. Kf2
Rc7 34. Ra3 Rb7 35. Ra2 Rb3 36. Rc2 d4 37. cxd4 Rxd3 38. Rc4 Rd2+ 39. Kf1 Kf4
40. d5+ Ke5 41. Rc6 g5 42. Rh6 Rxd5 43. Rxh5 Kf6 44. Rh6+ Ke5 45. Rg6 Rd1+ 46.
Ke2 Rh1 47. Rxg5 Rxh2 48. Kf2 Kf6 49. Rg8 Rh1 50. Kg3 Rh5 51. Ra8 Rg5+ 52. Kf4
Rxg2 53. Ra6+ Kf7 54. Kxf5 Rb2 55. Ra7+ Kf8 56. f4 Rb6 57. Kg5 Rc6 58. Rh7 Rb6
59. Rd7 Ra6 60. Rd5 Rb6 61. Kf5 Rc6 62. Re5 Kf7 63. Ra5 Rb6 64. Ra7+ Kf8 65. Kg5
Rc6 66. f5 Rb6 67. Ra1 Rc6 68. Rh1 Ra6 69. Rh5 Rb6 70. Rh8+ Kg7 71. Rd8 Ra6 72.
Rc8 Rb6 73. Re8 Ra6 74. Re6 Ra7 75. Rg6+ Kf7 76. Rh6 Kg7 77. f6+ Kg8 78. Kg6 Rg7+
79. Kf5 Ra7 80. Rh1 Ra2 81. Rg1+ Kf7 82. Rg7+ Kf8 83. Rg4 Kf7 1/2-1/2